Top 20 des buteurs de la sélection brésilienne - Statistiques

Statistiques générales
  • Ce quiz a été pris 285 fois
  • Le résultat moyen est 9 sur 20
Statistiques - réponses
Buts marqués Joueurs % Correct
79 Neymar
99%
62 Ronaldo
94%
77 Pelé
91%
33 Ronaldinho
91%
35 Rivaldo
74%
29 Kaká
62%
55 Romário
60%
22 Sócrates
50%
48 Zico
48%
40 Bebeto
36%
28 Robinho
34%
22 Jair
31%
35 Jairzinho
30%
27 Adriano
29%
28 Luís Fabiano
8%
26 Roberto Rivelino
8%
29 Careca
5%
32 Ademir
4%
32 Tostão
4%
30 Zizinho
3%
Aucun quiz correspondant
Distribution des résultats
% des personnes avec chaque résultat
Percentile par nombre de réponses
Votre historique - résultats
Vous n’avez pas pris ce quiz